Oz Characters Affiliation Match-up Quiz Stats

 Plays Quiz not verified by Sporcle

Also try: TV Comedy by Scene
Challenge
Share
Tweet
Score 0/50 Timer 07:00
0 Plays Today
% Correct
The Homeboys
98.2%
The Latinos
98.2%
The Latinos
98.2%
The Muslims
98.2%
The Irish
97.3%
The Italians
97.3%
The Italians
97.3%
The Muslims
97.3%
Correctional officers
96.4%
Staff (non-CO)
96.4%
Aryan Brotherhood
95.5%
The Italians
95.5%
The Italians
95.5%
Correctional officers
95.5%
The Homeboys
94.6%
The Latinos
94.6%
The Latinos
94.6%
The Irish
94.6%
The Bikers
94.6%
The Others (inmates)
94.6%
The Others (inmates)
94.6%
The Others (inmates)
94.6%
The Homeboys
93.7%
The Muslims
93.7%
The Others (inmates)
93.7%
% Correct
Staff (non-CO)
93.7%
Staff (non-CO)
93.7%
The Latinos
92.8%
The Others (inmates)
92.8%
Staff (non-CO)
92.8%
Staff (non-CO)
92.8%
Aryan Brotherhood
91.9%
The Irish
91.9%
The Homeboys
91%
The Others (inmates)
91%
Correctional officers
90.1%
Staff (non-CO)
88.3%
Undercover cops
82%
Correctional officers
81.1%
Aryan Brotherhood
80.2%
The Italians
78.4%
The Muslims
77.5%
The Others (inmates)
76.6%
Correctional officers
76.6%
The Homeboys
74.8%
The Bikers
72.1%
Aryan Brotherhood
70.3%
The Bikers
70.3%
Undercover cops
55%
The Bikers
43.2%

You're not logged in!

Compare scores with friends on all Sporcle quizzes.
Join for Free
OR
Log In

You Might Also Like...

Show Comments

Extras

Top Quizzes Today


Score Distribution

Your Account Isn't Verified!

In order to create a playlist on Sporcle, you need to verify the email address you used during registration. Go to your Sporcle Settings to finish the process.

Report this User

Report this user for behavior that violates our Community Guidelines.

Details: